00534nam a2200193 a 4500001001300000003000900013005001700022008004100039020001000080082001500090100002200105245006300127260004500190300000800235500003500243505001300278650002700291700002200318nice12345678IN_TiNIC20260116011644.0050524s1970 yala grp 000 0 eng  ac10000a297.8bMCD aMcdonough, Sheila aAuthority of the Pastb a Study of Three Muslim Modernists aYalebAmerican Academy of Religionc1970 a56p aincludes index and biblioraphy2 aGlossary aIslam-Movements-Parwez1 aMcdonough, Sheila